| LEADER 00000nam 2200000uu 4500 |
| 001 213129 |
| 003 ULIBM |
| 008 020711s2563 th a 000 0 tha d |
| 041 ^atha^beng
|
| 090 วจ WY157 ศ722ภ 2563
|
| 100 ศุภวดี แถวเพีย...[และคนอื่นๆ]
|
| 245 รายงานวิจัยเรื่อง ภาวะสุขภาพในมารดาหลังคลอดวัยรุ่นไทย=^bHealth consequences of thai adolescent mothers in postpartum period/^cศุภวดี แถวเพีย, จิราพร วรวงค์, ศุภวดี สืบศรีสุข, ฉวีวรรณ ศรีดาวเรือง, ปัฐวิภา ญาณประเสริฐ
|
| 246 31 ^aHealth Consequences of Thai Adolescent Mothers in Postpartum Period
|
| 260 ขอนแก่น :^bวิทยาลัยพยาบาลบรมราชชนนี ขอนแก่น คณะพยาบาลศาสตร์ สถาบันพระบรมราชชนก,^c2563
|
| 300 68 หน้า :^bภาพประกอบ ;^c30 ซม.
|
| 650 4 มารดาหลังคลอด^xในวัยรุ่น
|
| 650 4 ^aระยะหลังคลอด^xการดูแล
|
| 650 4 ^aภาวะสุขภาพ
|
| 650 4 ^aวิจัย
|
| 700 0 ^aจิราพร วรวงค์
|
| 700 0 ^aศุภวดี สืบศรีสุข
|
| 700 0 ^aฉวีวรรณ ศรีดาวเรือง
|
| 700 0 ^aปัฐวิภา ญาณประเสริฐ
|
| 710 2 ^aสถาบันพระบรมราชชนก. คณะพยาบาลศาสตร์. วิทยาลัยพยาบาลบรมราชชนนี ขอนแก่น
|
| 999 ^aใช้งานได้ทุกระบบ
|